00420nam a2200169 a 4500001001300000003000900013005001700022008004100039020002300080082002000103100001600123245002200139260003500161300000900196500003500205505001000240nice12345678IN_TiNIC20260116013639.0050524s1995 dela grp 000 0 eng  a8174880879 c37500a305.40954bPRU1 aPruthi, Raj aSikhism and Women aDelhibAnmol Publishers c1995 a277p aincludes index and biblioraphy2 aIndex